000 00962nam a22003137a 4500
001 000300
003 DO-SdBPM
005 20251030103859.0
007 ta
008 160623b1996 mx || 00| 0 spa d
020 _a9681902815
040 _aDO-SdBPM
_bspa
_cBPMSU
_erda
082 4 _aCu863.6
_bB261c 1996
_222
100 1 _aBarnet, Miguel,
_d1940-
_eautor
245 1 0 _aCanción de Rachel /
_cMiguel Barnet
264 _aMéxico, D.F. :
_bAlfaguara,
_c1996.
300 _a142 páginas ;
_c22 cm.
336 _atexto
_btxt
_2rdacontent
337 _asin mediación
_bn
_2rdamedia
338 _avolumen
_bnc
_2rdacarrier
490 0 _aVintage español.
500 _aIncluye datos biográficos del autor la solapa de la cubierta.
590 _aInventariado, 2025/VM
650 7 _aNovela cubana
650 7 _aNovela amorosa.
651 7 _aCuba
_xVida social y costumbres
_vNovela.
910 _aVMateo V. Control de calidad. BPMSU
942 _2ddc
_cBK
999 _c10512
_d10512